000 00798na a2200277 4500
001 19889
003 MIRAKIL
005 20181213155130.0
008 170112b tu 000 0
020 _a9754064679
035 _a19889
040 _aMilas
_btur
_cTR-AnCHP
041 _atur
082 _aATA 320.559561
_bÜ16a 2000
090 _aATA 320.559561 Ü16a 2000
100 _aÜçok, Bahriye
245 _aAtatürk'ün izinde bir arpa boyu
_cBahriye Üçok
250 _a4. bs.
260 _aİstanbul
_bCem Yayınevi
_c2000
300 _a270 s.
_bfotg.
_c20 sm.
600 _aAtatürk, Mustafa Kemal
_d1881-1938
_xSiyasal ve sosyal görüşler
650 _aİslamiyet
_zTürkiye
650 _aİslam ve toplum
_zTürkiye
650 _aDin ve siyaset
_zTürkiye
942 _2dcc
_cBKS
999 _c7170
_d7170